Charakteristika návštěvníků využívajících agroturistické služby
Výsledky štúdie využívania agroturistických služieb, ktorej cieľom bola analýza návštevníkov s cieľom vyhodnotenia typického návštevníka týchto podnikateľských subjektov. Štúdia realizovaná na Mendelovej univerzite v Brne v roku 2009. Odporúčania pre poskytovateľov agroturistických služieb.
Saved in:
| Main Author: | |
|---|---|
| Other Authors: | , |
| Format: | Book Chapter |
| Language: | Czech |
| Subjects: | |
| Tags: |
No Tags, Be the first to tag this record!
|
MARC
| LEADER | 00000nla a2200000 4500 | ||
|---|---|---|---|
| 001 | 0240892 | ||
| 005 | 20240417075132.5 | ||
| 041 | 0 | |a cze | |
| 044 | |a CZ | ||
| 245 | 1 | 0 | |a Charakteristika návštěvníků využívajících agroturistické služby |c Vladimír Mikule, Libor Sládek, Iveta Střelcová |
| 520 | |a Výsledky štúdie využívania agroturistických služieb, ktorej cieľom bola analýza návštevníkov s cieľom vyhodnotenia typického návštevníka týchto podnikateľských subjektov. Štúdia realizovaná na Mendelovej univerzite v Brne v roku 2009. Odporúčania pre poskytovateľov agroturistických služieb. | ||
| 610 | 2 | 0 | |a ruch cestovný |
| 610 | 2 | 0 | |a agroturistika |
| 610 | 2 | 0 | |a služby |
| 610 | 2 | 0 | |a zákazníci |
| 610 | 2 | 0 | |a vek |
| 610 | 2 | 0 | |a muži |
| 610 | 2 | 0 | |a ženy |
| 610 | 2 | 0 | |a vzdelanie |
| 610 | 2 | 0 | |a prostredie životné |
| 610 | 2 | 0 | |a šport |
| 610 | 2 | 0 | |a reklama |
| 610 | 2 | 0 | |a Česko |
| 100 | 1 | |a Mikule, Vladimír | |
| 700 | 1 | |a Sládek, Libor | |
| 700 | 1 | |a Střelcová, Iveta | |